[Event "Cto. Navarra por Equipos - Primera B"]
[Site "?"]
[Date "2017.10.21"]
[Round "2"]
[White "Onila, Vladimir"]
[Black "Ayucar Nunez, Inigo"]
[Result "1/2-1/2"]
[WhiteElo "1368"]
[BlackElo "1068"]

1.e4 e6 2.Nf3 d5 3.Nc3 c5 4.d4 Nc6 5.Bb5 Qb6 6.exd5 exd5 7.Be3 a6 8.Nxd5 Qd8
9.Bxc6 bxc6 10.Nc3 Qb6 11.b3 Nf6 12.d5 cxd5 13.Nxd5 Nxd5 14.Qxd5 Bb7 15.Qe5 Qe6
16.Qc7 Bxf3 17.gxf3 Rc8 18.Qg3 g6 19.O-O Bg7 20.Rae1 O-O 21.Bxc5 Qc6 22.Bxf8
Bxf8 23.c4 Bd6 24.Qh3 Re8 25.Rxe8 Qxe8 26.Qg4 Qe5 27.f4 Qe4 28.Rd1 Bxf4 29.Qd7
Be5 30.Qe8 Kg7 31.Kf1 Qh1 32.Ke2 Qe4 33.Kf1 Qh1 34.Ke2 Qe4 35.Kf1 1/2-1/2

[Event "Cto. Navarra por Equipos - Primera B"]
[Site "?"]
[Date "2017.10.21"]
[Round "2"]
[White "Legasa Martin, Aitor"]
[Black "Miranda Urrizola, Ruben"]
[Result "1/2-1/2"]
[WhiteElo "1014"]
[BlackElo "1034"]

1.e4 e5 2.Nf3 Nc6 3.Bc4 Bc5 4.Nc3 d6 5.h3 a6 6.a4 Bd7 7.d3 Nge7 8.O-O Na7 9.Bb3
O-O 10.Be3 Bxe3 11.fxe3 b5 12.d4 Ng6 13.Bd5 c6 14.Bb3 h6 15.d5 c5 16.axb5 axb5
17.Ba2 b4 18.Ne2 Nb5 19.c3 bxc3 20.Nxc3 Nxc3 21.bxc3 Nh4 22.Nxh4 Qxh4 23.Qf3 Qd8
24.Bc4 Rxa1 25.Rxa1 f6 26.Rf1 Qb6 27.Qd1 Rb8 28.Qc2 Bb5 29.Bxb5 Qxb5 30.Rf2 Kf7
31.Kh2 g5 32.g4 c4 33.Kg3 Kg6 34.Qe2 Qb3 35.Qf3 Rf8 36.Qf5 Kg7 37.Qd7 Rf7
38.Rxf6 Kxf6 39.Qxd6 Kg7 40.Qxe5 Kg6 41.Qe6 Rf6 42.Qe8 Rf7 1/2-1/2

[Event "Cto. Navarra por Equipos - Primera B"]
[Site "?"]
[Date "2017.10.21"]
[Round "2"]
[White "Esparza Martinez, Javier Ignacio"]
[Black "Arriazu Dominguez, Ivan"]
[Result "1-0"]
[WhiteElo "1957"]
[BlackElo "1839"]

1.d4 Nf6 2.Nf3 e6 3.c4 Bb4 4.Bd2 Qe7 5.e3 b6 6.Bd3 Bb7 7.Nc3 O-O 8.O-O Bxc3
9.Bxc3 d6 10.Nd2 Nbd7 11.Qe2 Rfd8 12.e4 e5 13.d5 a5 14.b3 Nc5 15.Bc2 Bc8 16.a3
Bg4 17.Qe3 Bh5 18.b4 axb4 19.axb4 Ncd7 20.Ba4 Nf8 21.Bc6 Rxa1 22.Rxa1 Ng6 23.f3
h6 24.g4 Nf4 25.gxh5 N6xh5 26.Kh1 Qh4 27.Nf1 Qh3 28.Qf2 Nd3 29.Qg2 Nhf4 30.Qg3
Qh5 31.Ra2 Nc1 32.Rc2 Nce2 33.Qg4 Qg6 34.Qxg6 fxg6 35.Ng3 Nd4 36.Bxd4 exd4
37.Rd2 d3 38.Kg1 Rf8 39.Kf2 g5 40.Nf5 Kh7 41.Ne3 h5 42.Ng2 g4 43.Nxf4 Rxf4
44.Rxd3 gxf3 45.Re3 g5 46.Rxf3 Rxe4 47.Bb5 Re7 48.Rf8 h4 49.Rd8 Kg6 50.Rd7 Rxd7
51.Bxd7 Kh5 52.h3 1-0

[Event "Cto. Navarra por Equipos - Primera B"]
[Site "?"]
[Date "2017.10.21"]
[Round "2"]
[White "Carcavilla Ledesma, Jose Angel"]
[Black "Apesteguia Domaica, Jose Antonio"]
[Result "1-0"]
[WhiteElo "1787"]
[BlackElo "1850"]

1.d4 d5 2.c4 e6 3.cxd5 exd5 4.Nc3 c6 5.Qc2 Nf6 6.Bg5 Be7 7.e3 O-O 8.Bd3 h6 9.Bh4
Bg4 10.f3 Be6 11.Nge2 c5 12.dxc5 Nc6 13.a3 d4 14.exd4 Nxd4 15.Nxd4 Qxd4 16.Bf2
Qf4 17.O-O Rac8 18.Ne4 Rfd8 19.Rac1 Nxe4 20.Bxe4 Rd2 21.Qa4 f5 22.g3 Qc7 23.Bb1
Rxb2 24.Qxa7 Rxf2 25.Kxf2 Bxc5 26.Rxc5 Qxc5 27.Qxc5 Rxc5 28.Re1 Kf7 29.h4 Rc3
30.Re3 Rxe3 31.Kxe3 Kf6 32.Kd4 g5 33.hxg5 hxg5 34.f4 gxf4 35.gxf4 Bb3 36.Bd3 Ke6
37.Kc5 Ba4 38.Bc4 Ke7 39.Kd5 Kf6 40.Kd6 Bc2 41.Bd5 Be4 42.a4 Bc2 43.a5 Be4
44.Be6 Bf3 45.Bc8 Be4 46.Kc7 Ke7 47.Bxb7 Ke6 48.a6 1-0

[Event "Cto. Navarra por Equipos - Primera B"]
[Site "?"]
[Date "2017.10.21"]
[Round "2"]
[White "Iza Olivan, Ruben"]
[Black "Roldan Marques, Marta"]
[Result "0-1"]
[WhiteElo "1582"]
[BlackElo "1747"]

1.d4 d5 2.c4 e6 3.Nc3 Nf6 4.Nf3 c6 5.Bg5 Be7 6.Qc2 h6 7.Bh4 Nbd7 8.e4 dxe4
9.Nxe4 Nxe4 10.Bxe7 Qa5 11.b4 Qa3 12.Qxe4 Qc3 13.Ke2 Qxa1 14.Bd6 Qxa2 15.Ke3 Nf6
16.Qh4 Qb1 17.Rg1 g5 18.Qg3 Qe4 19.Kd2 Qg4 20.Qe5 Qf5 21.Bd3 Qxe5 22.Bxe5 Ke7
23.c5 Rd8 24.Bd6 Rxd6 25.cxd6 Kxd6 26.Ne5 Ke7 27.h3 Nd5 28.Rb1 f6 29.Nc4 b6
30.g3 Ba6 31.Ne3 Bxd3 32.Kxd3 Kd6 33.Nc4 Kd7 34.Nd2 Kc7 35.Kc2 Kb7 36.Kb3 f5
37.Nc4 Rd8 38.Re1 Nc7 39.Ne5 Rxd4 40.Nf7 Rd2 41.Rf1 f4 42.Ne5 fxg3 43.fxg3 Re2
44.Rf3 0-1

[Event "Cto. Navarra por Equipos - Primera B"]
[Site "?"]
[Date "2017.10.21"]
[Round "2"]
[White "Velaz Ballesteros, Inigo"]
[Black "Romano Garcia, Ivan"]
[Result "0-1"]
[WhiteElo "1253"]
[BlackElo "1418"]

1.Nf3 d5 2.g3 Nf6 3.Bg2 e6 4.O-O Bd6 5.d4 O-O 6.Nbd2 Nbd7 7.Nb3 c5 8.Ng5 Qb6
9.Be3 c4 10.Nd2 Qxb2 11.c3 Qxc3 12.Rc1 Qa5 13.a4 Qc7 14.Nb1 Rb8 15.Nc3 a6 16.Bd2
h6 17.Nh3 b5 18.f4 b4 19.Nb1 c3 20.Nxc3 bxc3 21.Rxc3 Qa7 22.Be3 Nb6 23.Rb3 Bd7
24.a5 Nc4 25.Qd3 Rxb3 26.Qxb3 Nxa5 27.Qa2 Nc4 28.Bf2 Ng4 29.e3 Ngxe3 30.Ra1 Nxg2
31.Kxg2 Bb5 32.Rb1 Rb8 33.g4 Qc7 34.Bg3 Ne3 35.Kf3 Qc3 36.Rb3 Be2 37.Kxe2 Rxb3
38.Nf2 Rb2 0-1

[Event "Cto. Navarra por Equipos - Primera B"]
[Site "?"]
[Date "2017.10.21"]
[Round "2"]
[White "Alfonso Abrego, Santiago"]
[Black "Hernandorena De La Cruz, Egoi"]
[Result "0-1"]
[WhiteElo "1819"]
[BlackElo "2023"]

1.e4 e5 2.Bc4 Nf6 3.Nc3 Nc6 4.d3 Bb4 5.Nf3 d5 6.exd5 Nxd5 7.Bd2 Nxc3 8.bxc3 Bc5
9.O-O O-O 10.Re1 Bg4 11.h3 Bh5 12.g4 Bg6 13.Rb1 Qd6 14.Be3 Bb6 15.Rb5 e4 16.Rd5
Qf6 17.Nd4 Ne5 18.g5 Qe7 19.f4 Nxc4 20.dxc4 f6 21.Qg4 Rad8 22.Rxd8 Rxd8 23.f5
Bf7 24.gxf6 Qxf6 25.Bg5 Bxd4 26.Kg2 Qc6 27.Bxd8 e3 28.Kg1 Bxc3 29.Rxe3 Qc5
30.Qe2 0-1

[Event "Cto. Navarra por Equipos - Primera B"]
[Site "?"]
[Date "2017.10.21"]
[Round "2"]
[White "Ochoa Aldaz, Mikel"]
[Black "Lasa Garcia, Javier"]
[Result "1/2-1/2"]
[WhiteElo "1740"]
[BlackElo "1708"]

1.e4 e6 2.d4 d5 3.exd5 exd5 4.c4 dxc4 5.Bxc4 Bd6 6.Nf3 Nf6 7.Nc3 Bg4 8.O-O O-O
9.Be3 a6 10.h3 Bh5 11.g4 Bg6 12.Ne5 Re8 13.Nxg6 hxg6 14.Qb3 Nxg4 15.Bxf7 Kh8
16.Bxe8 Nxe3 17.fxe3 Qxe8 18.Kf2 Nc6 19.Rad1 Qe7 20.Nd5 Qe4 21.Ke2 Na5 22.Nc3
Qg2 23.Rf2 Qxf2 24.Kxf2 Nxb3 25.axb3 Rf8 26.Ke2 Kh7 27.Ne4 Be7 28.Rc1 c6 29.Nc5
Bxc5 1/2-1/2

[Event "Cto. Navarra por Equipos - Primera B"]
[Site "?"]
[Date "2017.10.21"]
[Round "2"]
[White "Donazar Garayoa, Miguel"]
[Black "Sancinena Arpide, Juan"]
[Result "1/2-1/2"]
[WhiteElo "1708"]
[BlackElo "1709"]

1.e4 Nf6 2.e5 Nd5 3.d4 d6 4.c4 Nb6 5.exd6 exd6 6.Nf3 Bg4 7.Bd3 Nc6 8.Be3 Be7
9.h3 Bh5 10.Nbd2 Nb4 11.Be2 Bg6 12.O-O Nc2 13.Rc1 Nxe3 14.fxe3 O-O 15.e4 c5
16.Qb3 Bg5 17.Nxg5 Qxg5 18.Nf3 Qf4 19.dxc5 dxc5 20.e5 Rad8 21.Rcd1 Rfe8 22.Rxd8
Rxd8 23.Rd1 Rxd1 24.Qxd1 h6 25.b3 Qe4 26.Qd2 Qc2 27.Kf2 Qxd2 28.Nxd2 Nd7 29.Nf3
a5 30.Bd1 Bb1 31.a3 g5 32.Ke3 Kf8 33.Kd2 Ke7 34.Kc3 Ke6 35.Nd2 Bg6 36.Bg4 Ke7
37.Bxd7 Kxd7 38.b4 axb4 39.axb4 b6 40.bxc5 bxc5 41.Nb3 Kc6 42.Nd2 Kd7 43.Nb3 Kc6
44.Nd2 Kd7 45.Nb3 Ke6 46.Nxc5 Kxe5 47.Nd3 Ke4 48.c5 Kd5 49.Ne1 Kxc5 50.Kd2 Be4
51.g3 Kd4 52.Ke2 f5 53.Kf2 Kc3 54.Ke3 Kc4 55.g4 Kd5 56.gxf5 Bxf5 57.h4 g4 58.Ng2
Ke5 59.Kf2 Be4 60.Ne3 Kf4 61.Nf1 Bd3 62.Ng3 Bc4 63.Nh5 Ke5 64.Kg3 Kf5 65.Nf4 Bf7
66.Nd3 Be6 67.Nf4 Bd7 68.Ne2 Ke4 69.Nf4 Bf5 70.Nh5 Be6 71.Nf4 Bf5 72.Nh5 Be6
1/2-1/2

[Event "Cto. Navarra por Equipos - Primera B"]
[Site "?"]
[Date "2017.10.31"]
[Round "2"]
[White "Ruiz Anton, Adolfo"]
[Black "Duran Fernandez, Emilio"]
[Result "1-0"]
[WhiteElo "1622"]
[BlackElo "1620"]

1.b4 e5 2.Bb2 d6 3.g3 c6 4.Bg2 Nf6 5.c4 Be6 6.d3 Be7 7.Nd2 O-O 8.a4 Nbd7 9.Ngf3
Rc8 10.Ng5 d5 11.Nxe6 fxe6 12.b5 Bc5 13.e3 h5 14.Nb3 Bb4 15.Nd2 Nc5 16.O-O Nxd3
17.Ba3 Qe7 18.Bxb4 Qxb4 19.Rb1 Qe7 20.bxc6 bxc6 21.Qb3 e4 22.cxd5 cxd5 23.h3 Rc7
24.Qd1 Rfc8 25.Nb3 Qd6 26.Nd4 a6 27.g4 hxg4 28.hxg4 g6 29.g5 Nh5 30.Qg4 Rc1
31.Rbxc1 Rxc1 32.Rxc1 Nxc1 33.Qxe6 Qxe6 34.Nxe6 Ne2 35.Kf1 Nc3 36.Nc7 Nxa4
37.Nxd5 Nc5 38.Nc3 Ng7 39.Nxe4 Nxe4 40.Bxe4 Kf7 41.Ke2 Ne6 42.f4 Nc5 43.Bd5 Ke7
44.Kd2 Kd6 45.Bf7 1-0

[Event "Cto. Navarra por Equipos - Primera B"]
[Site "?"]
[Date "2017.10.21"]
[Round "2"]
[White "Hernandez Zorzano, Fernando"]
[Black "Iturralde Olcoz, Sergio"]
[Result "0-1"]
[WhiteElo "1518"]
[BlackElo "1496"]

1.d4 d5 2.Nf3 c6 3.c3 Nf6 4.Qc2 g6 5.Bg5 Bg7 6.Nbd2 Bf5 7.Qc1 O-O 8.Ne5 Nbd7
9.Ndf3 Nxe5 10.Nxe5 Ne4 11.Bf4 f6 12.Nf3 c5 13.e3 g5 14.Bg3 h5 15.h3 Nxg3
16.fxg3 Qd6 17.Kf2 cxd4 18.exd4 e5 19.Qe3 e4 20.Nd2 Bg6 21.Be2 Bh6 22.g4 f5
23.Ke1 f4 24.Qg1 h4 25.Bd1 Rae8 26.Rc1 Bg7 27.Bc2 f3 28.gxf3 exf3 29.Kf2 Re2
30.Kf1 Rxd2 31.Rh2 Qxh2 32.Bxg6 Qe2 0-1

[Event "Cto. Navarra por Equipos - Primera B"]
[Site "?"]
[Date "2017.10.21"]
[Round "2"]
[White "Garraza Obaldia, Esteban"]
[Black "Guardado Minchinela, Inaki"]
[Result "1-0"]
[WhiteElo "1508"]
[BlackElo "1465"]

1.e4 c5 2.Nf3 Nc6 3.d4 cxd4 4.Nxd4 Nf6 5.Nc3 e5 6.Ndb5 a6 7.Nd6 Bxd6 8.Qxd6 Qe7
9.Qd1 O-O 10.Be2 d5 11.exd5 Rd8 12.O-O Nb4 13.a3 Nbxd5 14.Nxd5 Rxd5 15.Qe1 Bf5
16.c4 Rd7 17.Bg5 h6 18.Bd2 Rad8 19.Ba5 Rc8 20.Rd1 e4 21.Rxd7 Nxd7 22.Qd2 Qe6
23.Rd1 Qg6 24.Qf4 Nc5 25.Rd6 Be6 26.Qe3 f5 27.Bb4 Nd7 28.Qd4 Qf7 29.c5 Nf6
30.Rxe6 Qxe6 31.Bc4 Qxc4 32.Qxc4 Kh7 33.h3 Rd8 34.Qe6 1-0

[Event "Cto. Navarra por Equipos - Primera A"]
[Site "?"]
[Date "2017.10.28"]
[Round "3"]
[White "Sanchez Salazar, Kiko"]
[Black "Salvatierra Alzorriz, Haizea"]
[Result "1/2-1/2"]
[WhiteElo "1869"]
[BlackElo "1628"]

1.e4 c6 2.d3 d5 3.Nd2 g6 4.Ngf3 Bg7 5.g3 e6 6.Bg2 Nf6 7.O-O O-O 8.Re1 Qc7 9.Qe2
c5 10.Nf1 dxe4 11.dxe4 e5 12.Ne3 Nc6 13.h4 Be6 14.Ng5 Nd4 15.Qf1 Bd7 16.Nf3 Be6
17.c3 Nxe4 18.cxd4 cxd4 19.b3 dxe3 20.Bxe3 f5 21.h5 Qe7 22.hxg6 hxg6 23.Nh4 Qf7
24.Bxe4 fxe4 25.Qe2 Bd5 26.Rad1 b6 27.Qg4 Be6 28.Qxg6 Qxg6 29.Nxg6 Rf7 30.Rd6
Bg4 31.Nh4 Bf6 32.Kh2 Kg7 33.Rc1 Rh8 34.Rcc6 Bf5 35.Kg2 Bxh4 36.gxh4 Rxh4 37.Rh6
Rg4 38.Kf1 Bd7 39.Rcd6 Bb5 40.Ke1 Rg1 41.Kd2 Rc7 42.a4 Bd3 43.Rc6 Rd7 44.Rhd6
Rf7 45.Bh6 Kh7 46.Be3 Kg7 47.Bh6 1/2-1/2

[Event "Cto. Navarra por Equipos - Primera A"]
[Site "?"]
[Date "2017.10.28"]
[Round "3"]
[White "Salvatierra Ilarregui, Mikel"]
[Black "Tunon Gonzalo, Eduardo"]
[Result "0-1"]
[WhiteElo "1425"]
[BlackElo "1637"]

1.d4 Nf6 2.Nf3 d6 3.Bf4 g6 4.e3 Bg7 5.Bd3 Nh5 6.Bg3 Bg4 7.Nbd2 O-O 8.c4 c6 9.h3
Nxg3 10.fxg3 Bd7 11.Qb3 Qc7 12.h4 h5 13.O-O-O a5 14.Qc2 Na6 15.a3 b5 16.Rdf1 b4
17.Bxg6 fxg6 18.Qxg6 Be8 19.Qg5 Qd7 20.Qxa5 bxa3 21.Qxa3 Bg6 22.Ng5 Rfb8 23.Nge4
Nb4 0-1

[Event "Cto. Navarra por Equipos - Primera A"]
[Site "?"]
[Date "2017.10.28"]
[Round "3"]
[White "Egozcue Sghir, Aritz"]
[Black "San Miguel Lopez de Zubiria, Aroa"]
[Result "0-1"]
[WhiteElo "1408"]
[BlackElo "1217"]

1.e4 c5 2.c3 Nc6 3.d4 cxd4 4.cxd4 e6 5.Nf3 g6 6.Be3 Bg7 7.Nc3 d6 8.Bb5 Bd7 9.O-O
Nf6 10.h3 O-O 11.Qd2 a6 12.Bxc6 Bxc6 13.d5 exd5 14.exd5 Bd7 15.Bg5 Bf5 16.Rfe1
Qa5 17.g4 Bd7 18.Re7 Rad8 19.Rae1 Rfe8 20.Qf4 Rxe7 21.Rxe7 Re8 22.Rxe8 Nxe8
23.Bh6 Qb6 24.Ng5 Nf6 25.Bxg7 Kxg7 26.b3 Be8 27.Nge4 Qd4 28.Qxf6 Qxf6 29.Nxf6
Kxf6 30.f4 Bd7 31.Ne4 Ke7 32.a4 f5 33.gxf5 Bxf5 34.Ng5 h6 35.Ne6 Bxh3 36.Kf2
Bxe6 37.dxe6 Kxe6 38.Kf3 Kf5 39.b4 h5 40.b5 axb5 41.axb5 b6 42.Ke3 d5 43.Kd4 Ke6
44.Ke3 Kd6 45.Kd4 h4 46.Ke3 h3 47.Kf2 h2 48.Kg2 d4 49.Kxh2 d3 50.Kg3 d2 51.Kh4
d1=Q 0-1

[Event "Cto. Navarra por Equipos - Primera A"]
[Site "?"]
[Date "2017.10.28"]
[Round "3"]
[White "Tarragona Rebollo, Odei"]
[Black "Beorlegui Sarriguren, David"]
[Result "0-1"]
[WhiteElo "1112"]
[BlackElo "1230"]

1.e4 e5 2.Nf3 Nc6 3.Bc4 Bc5 4.c3 d6 5.O-O Bg4 6.h3 Bh5 7.Be2 Nf6 8.d3 h6 9.Be3
Bb6 10.Bxb6 axb6 11.a3 d5 12.Qc2 d4 13.b4 dxc3 14.Nxc3 Bxf3 15.Bxf3 Nd4 16.Qd1
Nd7 17.Bg4 c5 18.Nd5 Nf6 19.bxc5 Nxd5 20.exd5 Qxd5 21.cxb6 h5 22.Bxh5 Rc8 23.Re1
Rc2 24.Bf3 Qc5 25.Rc1 Nxf3 26.Qxf3 Rxc1 27.Rxc1 Qxc1 28.Kh2 Qf4 29.Qg3 Qxg3
30.Kxg3 Rh6 31.Kg4 Rxb6 32.Kf5 Rf6 33.Kxe5 Rxf2 34.g4 Rh2 35.g5 Rxh3 36.d4 Rh5
37.Kf4 Kd7 38.Kg4 g6 39.Kf4 Kd6 40.Ke4 Rh4 41.Kd3 Kd5 42.a4 Rxd4 43.Kc3 Rxa4
44.Kb3 Rg4 45.Kc3 Rxg5 46.Kb3 f5 47.Kb4 f4 48.Kb5 f3 49.Kb6 f2 50.Kc7 f1=Q
51.Kd7 Qf7 52.Kc8 Re5 53.Kb8 b5 0-1

[Event "Cto. Navarra por Equipos - Primera A"]
[Site "?"]
[Date "2017.10.28"]
[Round "3"]
[White "Labiano Hernandez, Juan"]
[Black "Flores Lazcoz, Jose Luis"]
[Result "1-0"]
[WhiteElo "1711"]
[BlackElo "1765"]

1.e4 c6 2.Nc3 d5 3.Nf3 dxe4 4.Nxe4 Nd7 5.Bc4 Ngf6 6.Qe2 Nxe4 7.Qxe4 Nf6 8.Ne5 e6
9.Qe2 Bd6 10.d4 Qc7 11.f4 b5 12.Bd3 a6 13.a4 Bb7 14.O-O O-O 15.f5 exf5 16.Rxf5
Qe7 17.Bg5 Bxe5 18.dxe5 Qc5 19.Be3 1-0

[Event "Cto. Navarra por Equipos - Primera A"]
[Site "?"]
[Date "2017.10.28"]
[Round "3"]
[White "Arana Oloron, Roberto"]
[Black "Habans Aguerrea, Javier"]
[Result "0-1"]
[WhiteElo "1713"]
[BlackElo "1707"]

1.e4 c5 2.d4 cxd4 3.c3 Nf6 4.e5 Nd5 5.c4 Nb4 6.Nf3 N8c6 7.Bf4 Qb6 8.Qd2 e6 9.a3
Na6 10.Be2 Nc5 11.Nxd4 Ne4 0-1

[Event "Cto. Navarra por Equipos - Primera A"]
[Site "?"]
[Date "2017.10.28"]
[Round "3"]
[White "Arrese-Igor Royuela, Alex"]
[Black "Otano Villanueva, Joseba"]
[Result "0-1"]
[WhiteElo "1661"]
[BlackElo "1676"]

1.e4 e5 2.Nc3 Nf6 3.f4 d6 4.Nf3 Nc6 5.Bb5 exf4 6.d4 Bd7 7.Bxf4 Be7 8.O-O a6
9.Bd3 Bg4 10.Be2 O-O 11.Qe1 Bxf3 12.Bxf3 Nxd4 13.Qd2 Nxf3 14.Rxf3 Nd7 15.Rg3 Ne5
16.Nd5 Ng6 17.Be3 Re8 18.Bd4 Bh4 19.Rc3 c5 20.Bf2 Rxe4 21.Rd1 Bxf2 22.Qxf2 Rc8
23.Rcd3 Re6 24.Qg3 Ne5 25.Re3 Nc4 26.Rxe6 fxe6 27.Nf4 Qe7 28.Qb3 d5 29.Re1 Qd7
30.Qh3 Re8 31.Rxe6 Rxe6 32.Qxe6 Qxe6 33.Nxe6 b6 34.Nc7 d4 35.b3 Ne3 36.Kf2 Nxc2
37.Nd5 Kf7 38.Nxb6 Ke6 39.Nc4 Nb4 40.a3 Nd3 41.Kg3 Nc1 42.Nd2 Kd5 43.Kf3 Nd3
44.Ke2 Ne5 45.h4 h5 46.Nf1 c4 47.b4 c3 48.Ng3 g6 49.Kd1 Nc4 50.a4 Nb2 51.Kc2
Nxa4 0-1

[Event "Cto. Navarra por Equipos - Primera A"]
[Site "?"]
[Date "2017.10.28"]
[Round "3"]
[White "Vigor Iriarte, Unai"]
[Black "Martin Fito, Angel Luis"]
[Result "0-1"]
[WhiteElo "1580"]
[BlackElo "1649"]

1.e4 d6 2.d4 Nf6 3.Nc3 g6 4.Bg5 Bg7 5.e5 Nfd7 6.exd6 cxd6 7.Qe2 Nc6 8.d5 Nd4
9.Qd3 Ne5 10.Qxd4 Nf3 11.Nxf3 Bxd4 12.Nxd4 Qb6 13.Nb3 Bf5 14.Bb5 Kf8 15.Bh6 Kg8
16.Be3 Qc7 17.Nd4 a6 18.Be2 b5 19.Nxf5 gxf5 20.Bd3 e6 21.Bh6 Qb7 22.dxe6 fxe6
23.Ne2 Kf7 24.O-O-O Rhg8 25.Rhe1 Rae8 26.Nf4 e5 27.Be2 exf4 28.Bh5 Rg6 29.Rxe8
Kxe8 30.Re1 Kd7 31.Bxg6 hxg6 32.Bxf4 Qxg2 33.Bg3 Qf3 34.Re3 Qh1 35.Kd2 g5 36.f4
Qg2 37.Kc3 gxf4 38.Bxf4 Qf2 39.Bg5 Qxh2 40.Kd3 Qg2 41.Bf4 Qd5 42.Kc3 Qc4 43.Kd2
Qxf4 44.Kd3 Qc4 45.Kd2 Qxa2 46.Ra3 Qxb2 47.Rxa6 b4 48.Ra7 Ke6 0-1

[Event "Cto. Navarra por Equipos - Primera A"]
[Site "?"]
[Date "2017.10.28"]
[Round "3"]
[White "Abrisqueta Zudaire, Leyre"]
[Black "Abaurrea San Juan, Xabier"]
[Result "1-0"]
[WhiteElo "1621"]
[BlackElo "1418"]

1.d4 d5 2.Nf3 Bf5 3.c4 c6 4.Nc3 e6 5.Qb3 Qc8 6.e3 Nf6 7.Bd2 Nbd7 8.Rc1 Qb8
9.cxd5 exd5 10.Be2 Bd6 11.O-O O-O 12.a3 Ne4 13.Qd1 Ndf6 14.b4 Re8 15.h3 Qc8
16.h4 a6 17.Qb3 Nxc3 18.Bxc3 Ne4 19.Ne5 Qe6 20.Bf3 Nxc3 21.Qxc3 Bxe5 22.dxe5
Qxe5 23.Qxe5 Rxe5 24.Rfd1 Be4 25.Bxe4 Rxe4 26.g3 Rae8 27.Rc3 Kf8 28.Kg2 R8e6
29.Rdd3 Ke7 30.Kf1 f5 31.Rb3 h6 32.h5 Rg4 33.a4 Rg5 34.b5 Rxh5 35.bxa6 bxa6
36.Rb6 c5 37.Rb7 Kf6 38.Rxd5 Rh1 39.Ke2 Ra1 40.Rxc5 Rxa4 41.Rcc7 g6 42.Rh7 h5
43.f4 Ra2 44.Kf3 Rc6 45.Rbe7 g5 46.Rhf7 Kg6 47.Rg7 Kf6 48.fxg5 1-0

[Event "Cto. Navarra por Equipos - Primera B"]
[Site "?"]
[Date "2017.10.28"]
[Round "3"]
[White "Hernandorena De La Cruz, Egoi"]
[Black "Razkin Fraile, Miguel Angel"]
[Result "1-0"]
[WhiteElo "2023"]
[BlackElo "1707"]

1.e4 e6 2.d4 d5 3.e5 c5 4.c3 Nc6 5.Nf3 Qb6 6.a3 cxd4 7.cxd4 Nge7 8.b4 Nf5 9.Be3
a6 10.Bd3 Bd7 11.Nc3 Rc8 12.Bxf5 exf5 13.Nxd5 Qb5 14.Nc3 Qc4 15.Ne2 Nxb4 16.axb4
Bxb4 17.Bd2 Bb5 18.Bxb4 Qxb4 19.Nd2 Bxe2 20.Qxe2 Qxd4 21.O-O Rc2 22.Nf3 Rxe2
23.Nxd4 Rxe5 24.Rfe1 Rxe1 25.Rxe1 Kd7 26.Nxf5 g6 27.Re7 Kd8 28.Rxb7 Re8 29.Rb8
Kd7 30.Rxe8 Kxe8 31.Nd4 a5 32.Kf1 Kd7 33.Nb3 1-0

[Event "Cto. Navarra por Equipos - Primera B"]
[Site "?"]
[Date "2017.10.28"]
[Round "3"]
[White "Pedchenko, Serhiy"]
[Black "Martin Donamaria, Jose J"]
[Result "0-1"]
[WhiteElo "1469"]
[BlackElo "2010"]

1.e4 c5 2.c4 e6 3.Nc3 Nc6 4.g3 g6 5.Bg2 Bg7 6.Nge2 Nge7 7.d3 O-O 8.Be3 Nd4 9.O-O
a6 10.Rb1 Qa5 11.Qa4 Nxe2 12.Kh1 Bxc3 13.Qxa5 Bxa5 14.Bxc5 Nc6 15.Bxf8 Kxf8
16.a3 Bc7 17.f4 Ne7 18.Rf2 Nd4 19.b4 d6 20.a4 Bd7 21.a5 Bc6 22.g4 f5 23.g5 Rb8
24.h4 b6 25.axb6 Rxb6 26.Ra2 e5 27.fxe5 dxe5 28.c5 Rb7 29.Rxa6 Ne2 30.Rb2 Nf4
31.Rb3 Nxg2 32.Kxg2 fxe4 33.dxe4 Bxe4 34.Kg3 Bc6 35.Kg4 Bd7 36.Kf3 Nf5 37.Ra8
Ke7 38.Ke4 Rxb4 39.Rxb4 Bc6 40.Kd3 Bxa8 41.Kc4 Bc6 42.Kd3 Ke6 43.Rb1 Kd5 44.h5
e4 45.Kd2 Be5 46.hxg6 hxg6 47.Ke2 Bd4 48.Rb8 Kxc5 49.Rg8 Bg7 50.Rd8 Bb5 51.Kd2
e3 52.Ke1 Bc3 53.Kd1 e2 54.Kc2 e1=Q 55.Rc8 Bc6 56.Rd8 Ba4 57.Kd3 Qe3 0-1

[Event "Cto. Navarra por Equipos - Primera B"]
[Site "?"]
[Date "2017.10.28"]
[Round "3"]
[White "Sancinena Arpide, Juan"]
[Black "Lopez Medina, Manuel"]
[Result "1-0"]
[WhiteElo "1709"]
[BlackElo "1422"]

1.e4 c5 2.Nf3 Nc6 3.d4 cxd4 4.Nxd4 Nf6 5.Nc3 a6 6.Be3 g6 7.Qd2 e5 8.Nb3 Ng4
9.Bg5 Be7 10.Bxe7 Nxe7 11.f3 Nf6 12.O-O-O O-O 13.g4 b5 14.h4 Bb7 15.h5 d5
16.hxg6 fxg6 17.Nc5 Qc8 18.Nxb7 Qxb7 19.exd5 Nexd5 20.Nxd5 Rae8 21.Bg2 Nd7
22.Nc3 Nb6 23.f4 Qg7 24.Qd6 Rf6 25.Qd3 Rxf4 26.Bd5 Kh8 27.Rhg1 Rd8 28.Qe3 b4
29.Qxb6 Qh6 30.Qxd8 Rf8 31.g5 Rxd8 32.gxh6 bxc3 33.bxc3 1-0

[Event "Cto. Navarra por Equipos - Primera B"]
[Site "?"]
[Date "2017.10.28"]
[Round "3"]
[White "Aguinaga Garijo, Daniel"]
[Black "Rebole Arbea, Pedro Maria"]
[Result "0-1"]
[WhiteElo "1420"]
[BlackElo "1634"]

1.e4 e5 2.Nf3 Nc6 3.Bc4 Bc5 4.d3 h6 5.Nc3 Nf6 6.O-O d6 7.Ne2 Bg4 8.Ng3 Nd4 9.c3
Nxf3 10.gxf3 Bh3 11.Re1 O-O 12.Be3 Bb6 13.Qd2 Bxe3 14.Qxe3 Be6 15.Kh1 Qd7 16.Rg1
Kh7 17.Bxe6 fxe6 18.Rad1 Qf7 19.f4 Ng4 20.Qf3 Qxf4 21.Qxf4 exf4 22.Nh5 Nxf2 0-1

[Event "Cto. Navarra por Equipos - Primera B"]
[Site "?"]
[Date "2017.10.28"]
[Round "3"]
[White "Arriazu Dominguez, Ivan"]
[Black "Goni Osacar, Maria"]
[Result "1-0"]
[WhiteElo "1839"]
[BlackElo "1831"]

1.c4 f5 2.Nc3 Nf6 3.g3 g6 4.Bg2 Bg7 5.Nf3 d6 6.d3 e5 7.Rb1 O-O 8.Bg5 c6 9.Qc2 h6
10.Bxf6 Qxf6 11.e3 Na6 12.a3 Nc5 13.O-O g5 14.Ne2 f4 15.b4 Ne6 16.Nd2 g4 17.Ne4
Qg6 18.exf4 exf4 19.gxf4 Nxf4 20.Nxf4 Rxf4 21.b5 Kh8 22.bxc6 bxc6 23.Ng3 Bd7
24.Rb7 Rf7 25.Qb3 Raf8 26.Rb8 Bd4 27.Rxf8 Rxf8 28.Qc2 h5 29.Qd2 h4 30.Be4 Qf6
31.Nh5 Qe6 32.Nf4 Qe8 33.Ng6 Kg7 34.Nxf8 Kxf8 35.Qh6 Bg7 36.Qxd6 Kg8 37.Rb1 Be5
38.Qg6 Kf8 39.Qh6 Ke7 40.Qxh4 Kd6 41.Qh6 Kc7 42.Qe3 Qh8 43.Qxa7 Kd6 44.Qb8 Ke7
45.Qxh8 Bxh8 46.a4 Bd4 47.a5 Kd6 48.Kg2 Kc7 49.f3 Kd6 50.a6 Bc8 51.fxg4 Bxg4
52.Rb8 Kc7 53.Rb7 1-0

[Event "Cto. Navarra por Equipos - Primera B"]
[Site "?"]
[Date "2017.10.28"]
[Round "3"]
[White "Sempere Gomis, Andres Valentin"]
[Black "Carcavilla Ledesma, Jose Angel"]
[Result "1/2-1/2"]
[WhiteElo "1762"]
[BlackElo "1787"]

1.d4 d5 2.Nf3 Bf5 3.c4 c6 4.Nc3 e6 5.cxd5 exd5 6.Bf4 Bd6 7.Bxd6 Qxd6 8.e3 Qb4
9.Qd2 h6 10.Be2 Nf6 11.Ne4 Qxd2 12.Nexd2 Nbd7 13.Rc1 a5 14.a4 Nb6 15.b3 Nc8
16.Ne5 Nd6 17.f3 h5 18.Kf2 h4 19.Rc3 Ke7 20.Rhc1 Nd7 21.Nd3 Bxd3 22.Bxd3 f5
23.f4 Nf6 24.h3 g6 25.Rc5 Kd7 26.R5c3 Rhg8 27.Kg1 Ke7 28.Nf3 Nfe4 29.R3c2 Rh8
1/2-1/2

[Event "Cto. Navarra por Equipos - Primera B"]
[Site "?"]
[Date "2017.10.28"]
[Round "3"]
[White "Roldan Marques, Marta"]
[Black "Donazar Garayoa, Miguel"]
[Result "1/2-1/2"]
[WhiteElo "1747"]
[BlackElo "1708"]

1.e4 g6 2.d4 Bg7 3.Nc3 c6 4.Nf3 d5 5.exd5 cxd5 6.h3 Nc6 7.Bf4 a6 8.Na4 Nf6 9.Nc5
b6 10.Nd3 Nh5 11.Be3 Nf6 12.Nde5 Nxe5 13.Nxe5 Bb7 14.c3 Ne4 15.Qa4 Kf8 16.h4 h5
17.Bd3 Bh6 18.Qd1 Kg7 19.Bxh6 Rxh6 20.Qc1 Rh8 21.Qf4 Qe8 22.f3 Nd6 23.Qg3 Rh6
24.f4 f6 25.Nf3 Bc8 26.O-O-O Bg4 27.Rde1 Qd7 28.Nh2 Bf5 29.Bxf5 Nxf5 30.Qh3 Qc7
31.Nf3 Qxf4 32.Kb1 Re8 33.Re6 Rb8 34.Rhe1 Rb7 1/2-1/2

[Event "Cto. Navarra por Equipos - Primera B"]
[Site "?"]
[Date "2017.10.28"]
[Round "3"]
[White "Duran Fernandez, Emilio"]
[Black "Lajas Obregon, Juan Carlos"]
[Result "0-1"]
[WhiteElo "1620"]
[BlackElo "1715"]

1.Nf3 d5 2.g3 e6 3.Bg2 Nf6 4.O-O Bd6 5.d4 Nbd7 6.Bg5 h6 7.Bd2 O-O 8.Nc3 c6 9.Re1
e5 10.dxe5 Nxe5 11.Nxe5 Bxe5 12.e3 Bf5 13.f4 Bc7 14.e4 dxe4 15.Be3 Re8 16.Qe2
Ba5 17.Rad1 Qc7 18.h3 h5 19.Bd4 Bb6 20.Kh2 Bxd4 21.Rxd4 Qb6 22.Rd6 Qxb2 23.Rxf6
gxf6 24.Nxe4 Bxe4 25.Bxe4 f5 26.Qxh5 Rxe4 27.Rxe4 fxe4 28.f5 Qxc2 29.Kg1 Qc1
30.Kg2 Qd2 31.Kg1 Qe3 0-1